Contaminación del aire y ruido: análisis y soluciones de la contaminación atmosférica, acústica, visual y radiactiva
Furkejuvvon:
| Váldodahkki: | |
|---|---|
| Materiálatiipa: | Girji |
| Giella: | espánnjágiella |
| Almmustuhtton: |
Santiago
Oikos
1980
|
| Fáttát: | |
| Fáddágilkorat: |
Lasit fáddágilkoriid
Eai fáddágilkorat, Lasit vuosttaš fáddágilkora!
|
MARC
| LEADER | 00000nam a2200000 a 4500 | ||
|---|---|---|---|
| 001 | UCZ0689 | ||
| 003 | CL-VaPUC | ||
| 008 | 950809e19800000CL |||||||||||||||||spa|d | ||
| 082 | 0 | 4 | |a 363.739 |b GRA |2 21 |
| 100 | |a Grau Vilarrubias, Juan J |e author |9 601090 | ||
| 245 | 1 | 0 | |a Contaminación del aire y ruido: análisis y soluciones de la contaminación atmosférica, acústica, visual y radiactiva |
| 300 | |a 240 p | ||
| 942 | |c BK | ||
| 945 | |d 19950809 00:00:00 |a mfernand | ||
| 260 | |a Santiago |b Oikos |c 1980 | ||
| 650 | 0 | |a Contaminación atmosférica |9 262775 | |
| 650 | 0 | |a Contaminación visual |9 343816 | |
| 650 | 7 | |a CONTAMINACION RADIACTIVA |2 CL-VaPUC |9 343817 | |
| 650 | 7 | |a RUIDO |2 CL-VaPUC |9 263306 | |
| 650 | 7 | |a LUCHA CONTRA EL RUIDO |2 CL-VaPUC |9 343818 | |
| 650 | 7 | |a LUCHA CONTRA LA CONTAMINACION |2 CL-VaPUC |9 340696 | |
| 650 | 7 | |a CONTAMINACION INDUSTRIAL |2 CL-VaPUC |9 261690 | |
| 583 | |a last modification |c 19950809 00:00:00 |k Rodrigo Vera | ||
| 999 | |c 237599 |d 237597 | ||
| 952 | |0 0 |1 0 |4 0 |6 363_739000000000000_GRA_1980 |7 0 |8 P |9 246981 |a BIBEDU |b BIBEDU |c BIBEDU_PB |d 2019-11-18 |i 1550616 |o 363.739 GRA 1980 |p 1550616 |r 2024-01-25 |w 2019-11-18 |y BK |k EDU | ||
| 952 | |0 0 |1 0 |4 0 |6 363_739000000000000_GRA_1980 |7 0 |8 P |9 246982 |a BIBEDU |b BIBEDU |c BIBEDU_PB |d 2019-11-18 |i 1550586 |o 363.739 GRA 1980 |p 1550586 |r 2024-01-25 |w 2019-11-18 |y BK |k EDU | ||